000
00298nam a2200133Ia 4500
100
_a
Orilia/Lawrence S.
942
_c
BK
654
_a
Computers & Information
245
_a
Computers & Information
260
_b
McGraw Hill
_a
New York
_c
1986
082
_a
1.6
300
_a
654
546
_a
ENGLISH
999
_c
31442
_d
31442